[Event "CRO Team Cup 2019"]
[Site "Losinj"]
[Date "2019.05.16"]
[Round "3.13"]
[White "Janzelj, Tim"]
[Black "Bender, Ivan"]
[Result "1/2-1/2"]
[WhiteElo "2380"]
[BlackElo "2205"]
[Annotator "NA"]
[PlyCount "111"]
[EventDate "2019.05.15"]
[EventType "team-tourn"]
[EventCountry "CRO"]
[SourceTitle "playchess.com"]
[Source "ChessBase"]
[SourceQuality "1"]
[TimeControl "40/5400+30:1800+30"]

{[%evp 12,107,-3,32767,23,9,6,32767,32767,27,32767,32767,32767,29,36,20,62,32767,63,52,75,75,78,32767,32767,106,100,98,151,135,137,149,154,32767,152,145,151,32767,32767,173,163,186,180,166,235,153,32767,158,165,148,168,154,32767,155,161,127,154,32767,83,62,71,0,15,3,32767,0,29975,32767,8,32767,32767,32767,32767,32767,32767,32767,32767,32767,32767,32767,32767,6,0,0,0,-23,-9,-38,-13,-8,-12,-13,-12,32767,-8,0,-8,-8]} 1. d4 {[%emt 0:00:30]} Nf6 {[%emt 0:02:30]} 2. c4 {[%emt 0:00:30]} e6 {[%emt 0:00:30]} 3. Nc3 {[%emt 0:00:30]} Bb4 {[%emt 0:00:00]} 4. Qc2 {[%emt 0:00:00]} O-O {[%emt 0:02:00]} 5. Nf3 {[%emt 0:00:00]} c5 {[%emt 0:06:30]} 6. dxc5 {[%emt 0:00:30]} Na6 {[%emt 0:03:30]} 7. g3 {[%emt 0:00:30]} Nxc5 {[%emt 0:02:30]} 8. Bg2 {[%emt 0:00:00]} b6 {[%emt 0:05:30]} 9. O-O {[%emt 0:08:00]} Bxc3 {[%emt 0:06:30]} 10. Qxc3 {[%emt 0:00:30]} Bb7 {[%emt 0:08:30]} 11. b3 {[%emt 0:06:30] E39: Nimzo-Indian: Classical: 4...c5 5 dxc5 0-0} Qe7 {[%emt 0:09:30]} 12. Bb2 {[%emt 0:07:30]} d6 {[%emt 0:05:30]} 13. Rad1 $146 {[%emt 0:01:30]} ({Predecessor:} 13. Rac1 Rac8 14. Rfd1 e5 15. Nh4 Bxg2 16. Nxg2 Nfe4 17. Qc2 f5 18. b4 Nd7 {1-0 (54) Nihal,S (2340)-Tari,A (2584) chess.com INT 2017}) 13... e5 {[%emt 0:02:30]} 14. Nh4 {[%emt 0:04:30]} Bxg2 {[%emt 0:00:30]} 15. Nxg2 {[%emt 0:00:00]} Qe6 {[%emt 0:03:30]} 16. f3 {[%emt 0:06:00]} Rab8 {[%emt 0:05:30]} 17. e4 {[%emt 0:01:30]} b5 {[%emt 0:03:30]} 18. cxb5 {[%emt 0:10:30]} Rxb5 {[%emt 0:00:00]} 19. Ne3 {[%emt 0:00:30]} Rfb8 {[%emt 0:07:00]} 20. Nc4 {[%emt 0:09:30]} Ne8 {[%emt 0:02:30]} 21. Ba3 {[%emt 0:06:30]} Nb7 {[%emt 0:08:40]} 22. Qe3 {[%emt 0:08:30]} Ra8 {[%emt 0:06:04]} 23. Rd2 {[%emt 0:01:30]} a5 {[%emt 0:00:26]} 24. Rfd1 {[%emt 0:12:13]} a4 {[%emt 0:03:49]} 25. Nb6 {[%emt 0:00:41]} Rxb6 {[%emt 0:00:03]} 26. Qxb6 {[%emt 0:00:06]} axb3 {[%emt 0:00:06]} 27. Bb2 {[%emt 0:06:26]} Na5 {[%emt 0:03:17]} (27... Nc5 $142) 28. axb3 {[%emt 0:00:15]} Qxb3 {[%emt 0:01:36]} 29. Qxb3 {[%emt 0:00:44]} Nxb3 {[%emt 0:00:01]} 30. Rd5 {[%emt 0:00:09]} f6 {[%emt 0:00:22]} 31. Rb5 {[%emt 0:00:46]} Nc5 {[%emt 0:00:11]} 32. Kf2 {[%emt 0:04:41]} Kf7 {[%emt 0:01:16]} 33. Ke3 {[%emt 0:00:18]} Ke6 {[%emt 0:00:57]} 34. f4 {[%emt 0:00:22]} Ra4 {[%emt 0:00:25]} 35. f5+ {[%emt 0:04:13]} Ke7 {[%emt 0:00:01]} 36. Kf3 {[%emt 0:00:39]} (36. Ra1 $1 $14 Rxe4+ 37. Kf3) 36... Nxe4 {[%emt 0:00:35]} 37. Rb7+ {[%emt 0:00:07]} Kf8 {[%emt 0:00:59]} 38. Ra1 {[%emt 0:00:19]} Rxa1 $11 {[%emt 0:01:51]} (38... d5 $2 {[%emt 0:01:51][%mdl 8192]}) 39. Bxa1 {[%emt 0:00:30]} d5 {[%emt 0:00:30]} 40. Bb2 {[%emt 0:00:30]} g6 {[%emt 0:00:30]} 41. Ba3+ {[%emt 0:30:30]} Kg8 {[%emt 0:30:30]} 42. fxg6 {[%emt 0:00:30]} hxg6 {[%emt 0:00:30]} 43. Rd7 {[%emt 0:00:30]} Ng5+ {[%emt 0:00:30]} 44. Kg2 {[%emt 0:00:30]} d4 {[%emt 0:00:30]} 45. h4 {[%emt 0:00:00]} Ne6 {[%emt 0:00:00]} 46. g4 {[%emt 0:00:00]} f5 {[%emt 0:00:00]} 47. Bc1 {[%emt 0:00:00]} fxg4 {[%emt 0:00:00]} 48. Kg3 {[%emt 0:00:00]} Nf6 {[%emt 0:00:00]} 49. Re7 {[%emt 0:00:00]} Nc5 {[%emt 0:00:00]} 50. Rxe5 {[%emt 0:00:00]} Nd3 {[%emt 0:00:00]} 51. Re6 {[%emt 0:00:00]} Kf7 {[%emt 0:01:47]} 52. Rc6 {[%emt 0:00:06]} Ne4+ {[%emt 0:00:06]} 53. Kxg4 {[%emt 0:02:14]} Ne5+ {[%emt 0:00:50] Double Attack} 54. Kf4 $11 {[%emt 0:00:02] Double Attack} Nxc6 {[%emt 0:00:00]} 55. Kxe4 {[%emt 0:00:01]} Ke6 {[%emt 0:01:26]} 56. Bb2 {[%emt 0:00:06]} 1/2-1/2

[Event "CRO Team Cup 2019"]
[Site "Losinj"]
[Date "2019.05.16"]
[Round "3.14"]
[White "Separovic, Tomislav"]
[Black "Ostovic, Matija"]
[Result "0-1"]
[WhiteElo "2141"]
[BlackElo "2391"]
[Annotator "NA RC"]
[PlyCount "104"]
[EventDate "2019.05.15"]
[EventType "team-tourn"]
[EventCountry "CRO"]
[SourceTitle "playchess.com"]
[Source "ChessBase"]
[SourceQuality "1"]
[TimeControl "40/5400+30:1800+30"]

{[%evp 16,102,0,-22,-14,-38,32767,32767,32767,32767,0,-6,32767,32767,32767,32767,32767,3,32767,0,0,0,0,-33,-19,32767,-77,-79,-76,32767,-102,32767,-89,-106,32767,32767,32767,32767,-86,-74,-88,-104,-102,-106,-100,-109,32767,-95,-87,-103,-106,-147,32767,32767,32767,-211,-168,-178,-206,32767,32767,32767,-170,-193,-156,-215,-201,-242,-201,-356,-417,-391,-332,32767,-277,-421,-452,-464,32767,-463,-479,-454,-471,-439,32767,-800,-457,-1172,-1324]} 1. d4 {[%emt 0:00:30]} Nf6 {[%emt 0:01:30]} 2. c4 {[%emt 0:00:00]} e6 {[%emt 0:00:00]} 3. Nf3 {[%emt 0:00:00]} d5 {[%emt 0:00:00]} 4. e3 {[%emt 0:01:30]} Be7 {[%emt 0:00:30]} 5. Nc3 {[%emt 0:00:30]} O-O {[%emt 0:00:30]} 6. Bd3 {[%emt 0:00:30]} dxc4 {[%emt 0:05:30]} 7. Bxc4 {[%emt 0:00:00]} c5 {[%emt 0:02:30]} 8. O-O {[%emt 0:01:00] D37: Queen's Gambit Declined: 5 Bf4} cxd4 {[%emt 0:02:30]} 9. Nxd4 {[%emt 0:03:30]} (9. exd4 a6 10. a3 b5 11. Ba2 Bb7 12. Re1 Nbd7 13. Bg5 Nb6 14. Qd3 Nbd5 15. Rad1 Rc8 16. Nxd5 Bxd5 17. Bb1 g6 18. Ne5 Rc7 19. h4 Nh5 {½-½ (62) Salem,A (2660)-Fridman,D (2633) St Petersburg 2018}) 9... a6 {[%emt 0:02:30]} 10. a3 {[%emt 0:04:30]} b5 {[%emt 0:01:30]} 11. Be2 {[%emt 0:00:30]} e5 {[%emt 0:02:30]} 12. Nf3 {[%emt 0:02:30]} Qc7 $146 {[%emt 0:01:30]} ({Predecessor:} 12... e4 13. Nd2 {0-1 (31) De Lira,C-Silva,I (1790) Brazil 2003}) 13. Bd2 {[%emt 0:11:30]} e4 {[%emt 0:05:30]} 14. Nd4 {[%emt 0:00:30]} Qe5 {[%emt 0:04:30]} 15. f4 {[%emt 0:07:30]} exf3 {[%emt 0:00:30]} 16. Nxf3 {[%emt 0:01:30]} Qe6 {[%emt 0:02:30]} 17. Ng5 {[%emt 0:04:30]} Qe5 {[%emt 0:01:30]} 18. Nf3 {[%emt 0:00:30]} Qd6 {[%emt 0:03:30]} 19. Qc2 {[%emt 0:01:30]} Bb7 {[%emt 0:02:30]} 20. Ng5 {[%emt 0:03:30]} Nbd7 {[%emt 0:00:30]} 21. Bf3 {[%emt 0:00:30]} Bxf3 {[%emt 0:02:30]} 22. Rxf3 {[%emt 0:02:30]} h6 {[%emt 0:01:30]} 23. Nge4 {[%emt 0:02:30]} Nxe4 {[%emt 0:00:00]} 24. Nxe4 {[%emt 0:00:00]} Qe6 {[%emt 0:03:00]} 25. Bc3 {[%emt 0:08:00]} Ne5 {[%emt 0:03:30]} 26. Bxe5 {[%emt 0:06:30]} Qxe5 {[%emt 0:00:30]} 27. Rc1 {[%emt 0:04:30]} Qe6 {[%emt 0:06:30]} 28. Nc3 {[%emt 0:05:30]} Rac8 {[%emt 0:01:30]} 29. Qf5 {[%emt 0:01:30]} Qxf5 {[%emt 0:05:30]} 30. Rxf5 {[%emt 0:00:00]} Bf6 {[%emt 0:00:30]} 31. Rd5 {[%emt 0:02:00]} Rc6 {[%emt 0:03:30]} 32. Kf2 {[%emt 0:03:30]} Rfc8 {[%emt 0:00:30]} 33. Rd3 {[%emt 0:00:30]} a5 {[%emt 0:01:30]} 34. Rb1 {[%emt 0:00:30]} Bxc3 {[%emt 0:03:30]} 35. Rxc3 {[%emt 0:00:00]} Rxc3 {[%emt 0:01:30]} 36. bxc3 {[%emt 0:00:00]} Rxc3 {[%emt 0:00:30]} 37. Rxb5 {[%emt 0:00:30]} Rxa3 {[%emt 0:00:30]} 38. Rb8+ {[%emt 0:02:30]} Kh7 {[%emt 0:00:30]} 39. Ra8 {[%emt 0:00:30]} Kg6 {[%emt 0:01:30]} 40. Ra7 {[%emt 0:00:30]} a4 {[%emt 0:01:30]} 41. Ra5 {[%emt 0:30:30]} Ra1 {[%emt 0:35:30]} 42. h3 {[%emt 0:01:30]} (42. Ra6+ $142 Kf5 43. Ra7) 42... a3 {[%emt 0:05:38]} 43. Kg3 {[%emt 0:00:30]} Kf6 {[%emt 0:01:21]} 44. Kf3 {[%emt 0:00:30]} Ke6 {[%emt 0:02:13]} 45. Kf2 {[%emt 0:01:30]} (45. Ke4 {was forced.}) 45... g6 {[%emt 0:09:02]} 46. Kg3 {[%emt 0:00:30]} h5 {[%emt 0:01:08]} 47. h4 {[%emt 0:00:30]} f6 {[%emt 0:00:39]} 48. Kf2 {[%emt 0:00:30]} Kd6 {[%emt 0:02:14]} 49. Kg3 {[%emt 0:00:30]} Kc6 {[%emt 0:01:11]} 50. Ra6+ {[%emt 0:00:30]} (50. Kf2 $142) 50... Kb5 {[%emt 0:00:25]} 51. Rxf6 $19 {[%emt 0:02:12]} Re1 {[%emt 0:01:05]} 52. Kf2 {[%emt 0:02:33]} a2 {[%emt 0:00:09]} 0-1

[Event "CRO Team Cup 2019"]
[Site "Losinj"]
[Date "2019.05.16"]
[Round "3.15"]
[White "Sokac, Marko"]
[Black "Jelcic, Marko"]
[Result "1-0"]
[WhiteElo "2329"]
[BlackElo "2109"]
[Annotator "TA"]
[PlyCount "73"]
[EventDate "2019.05.15"]
[EventType "team-tourn"]
[EventCountry "CRO"]
[SourceTitle "playchess.com"]
[Source "ChessBase"]
[SourceQuality "1"]

{[%evp 9,82,-19,-9,-7,10,-17,-6,-19,-14,-18,-10,-14,12,-32,-5,-5,-9,-10,34,34,34,31,35,8,0,5,38,35,39,22,23,11,11,0,0,0,12,0,0,0,0,-10,-14,-17,0,0,33,33,33,33,33,14,486,493,487,470,713,716,722,730,727,723,688,0,387,0,699,706,640,635,696,549,574,572,29999]} 1. e4 c5 2. a3 g6 3. b4 (3. Nc3 Bg7 4. Bc4 Nc6 5. d3 d6 6. h4 Nf6 7. Nge2 h5 8. Bg5 Nd4 9. Nxd4 cxd4 10. Nd5 Nxd5 11. Bxd5 {1-0 (62) Carlsen,M (2832)-Guseinov,G (2645) chess.com INT 2017}) 3... Bg7 4. Nc3 b6 5. bxc5 bxc5 6. Rb1 {B20: Sicilian: Unusual White 2nd moves} Nc6 7. Nf3 d6 8. Bc4 {The position is equal.} Nf6 9. O-O O-O 10. h3 e6 $146 ({Predecessor:} 10... Nd4) 11. Re1 Bd7 12. d3 Rb8 13. Bf4 e5 14. Bg5 Rxb1 15. Qxb1 Qa5 16. Nb5 Rb8 {White must now prevent ...a6.} 17. Bd2 $1 Qd8 {Hoping for ...a6.} (17... Qa4 $5 {[%cal Rc6d8]} 18. Qb3 Qxb3 19. cxb3 Ne8 $11) 18. Qa2 Qe7 19. Rb1 Be6 20. Nc3 (20. Bxe6 {looks sharper.} Qxe6 21. c4 Qd7 22. Nc3 Rb7 23. Nd5) 20... Rxb1+ 21. Qxb1 Bxc4 22. dxc4 Qd7 23. Qb5 h6 24. Nd5 {Qxc6! is the strong threat.} Kh7 $1 ({But not} 24... Nxe4 $2 {[#]} 25. Qxc6 $1 {[%mdl 512]} Qxc6 26. Ne7+ Kf8 27. Nxc6 $18) 25. Nxf6+ Bxf6 26. Nh2 Qc8 27. Ng4 Bg5 (27... Bg7 {keeps more tension.} 28. Ne3 Nd4 29. Qb2 Ne6 30. Nd5 h5) 28. Bxg5 hxg5 29. c3 Kg7 30. Ne3 Nd8 $2 {[%mdl 8192]} (30... Nb8 $11 {and Black has nothing to worry.}) 31. Qe8 $18 Qb8 {intending ...Qb1+.} 32. Kh2 Qb6 (32... d5 $142 33. cxd5 Qd6) 33. Nd5 Qa5 34. Ne7 Kf6 {[#]} 35. Qf8 $1 {[%mdl 512] White wants to mate with Ng8+.} Ke6 36. Qe8 {[%cal Re7g8]} Kf6 {[#] Black hopes to continue with ...Ne6.} 37. h4 {Played: Qe8-f8} 1-0

[Event "CRO Team Cup 2019"]
[Site "Losinj"]
[Date "2019.05.16"]
[Round "3.16"]
[White "Ivankovic, Ivo"]
[Black "Boric, Muhamed"]
[Result "0-1"]
[WhiteElo "2081"]
[BlackElo "2342"]
[Annotator "ChessBase"]
[PlyCount "88"]
[EventDate "2019.05.15"]
[EventType "team-tourn"]
[EventCountry "CRO"]
[SourceTitle "playchess.com"]
[Source "ChessBase"]
[SourceQuality "1"]
[TimeControl "40/5400+30:1800+30"]

1. c4 {[%emt 0:04:30]} c6 {[%emt 0:02:30]} 2. e4 {[%emt 0:00:00]} d5 {[%emt 0:00:30]} 3. exd5 {[%emt 0:00:00]} cxd5 {[%emt 0:00:00]} 4. d4 {[%emt 0:00:30]} Nf6 {[%emt 0:00:00]} 5. Nc3 {[%emt 0:00:00]} g6 {[%emt 0:00:30]} 6. Nf3 {[%emt 0:03:00]} Bg7 {[%emt 0:00:00]} 7. h3 {[%emt 0:06:30]} O-O {[%emt 0:01:00]} 8. Be3 {[%emt 0:00:30]} Nc6 {[%emt 0:01:30]} 9. Qd2 {[%emt 0:03:30]} Ne4 {[%emt 0:06:30]} 10. Nxe4 {[%emt 0:06:30]} dxe4 {[%emt 0:00:30]} 11. Ng5 {[%emt 0:00:30]} Bxd4 {[%emt 0:05:30]} 12. Bxd4 {[%emt 0:02:30]} Qxd4 {[%emt 0:01:30]} 13. Qxd4 {[%emt 0:01:30]} Nxd4 {[%emt 0:00:30]} 14. O-O-O {[%emt 0:00:30]} Rd8 {[%emt 0:06:30]} 15. Nxe4 {[%emt 0:00:30]} Bf5 {[%emt 0:00:30]} 16. Nc3 {[%emt 0:03:30]} h5 {[%emt 0:10:30]} 17. b3 {[%emt 0:08:30]} Rac8 {[%emt 0:04:30]} 18. Kb2 {[%emt 0:05:30]} Ne6 {[%emt 0:04:30]} 19. Rxd8+ {[%emt 0:04:30]} Rxd8 {[%emt 0:00:30]} 20. Nd5 {[%emt 0:00:30]} Kf8 {[%emt 0:00:30]} 21. f3 {[%emt 0:07:30]} h4 {[%emt 0:03:30]} 22. Be2 {[%emt 0:03:30]} Nc7 {[%emt 0:00:30]} 23. Rd1 {[%emt 0:01:30]} Nxd5 {[%emt 0:00:30]} 24. Rxd5 {[%emt 0:00:00]} Rxd5 {[%emt 0:00:30]} 25. cxd5 {[%emt 0:00:00]} Ke8 {[%emt 0:00:00]} 26. Kc3 {[%emt 0:02:30]} Kd7 {[%emt 0:00:00]} 27. Kd4 {[%emt 0:00:30]} Kd6 {[%emt 0:00:30]} 28. b4 {[%emt 0:05:30]} Bb1 {[%emt 0:04:30]} 29. Bc4 {[%emt 0:00:30]} Bc2 {[%emt 0:04:30]} 30. f4 {[%emt 0:01:30]} f5 {[%emt 0:00:30]} 31. Be2 {[%emt 0:02:30]} Be4 {[%emt 0:01:30]} 32. Bf3 {[%emt 0:01:30]} Bb1 {[%emt 0:00:30]} 33. a3 {[%emt 0:03:30]} Ba2 {[%emt 0:00:00]} 34. a4 {[%emt 0:02:30]} b6 {[%emt 0:01:00]} 35. a5 {[%emt 0:01:30]} bxa5 {[%emt 0:00:30]} 36. bxa5 {[%emt 0:00:30]} Bb3 {[%emt 0:00:30]} 37. Be2 {[%emt 0:13:29]} Bxd5 {[%emt 0:00:30]} 38. Bf1 {[%emt 0:00:07]} Bb7 {[%emt 0:04:30]} 39. Ke3 {[%emt 0:00:31]} e5 {[%emt 0:00:00]} 40. fxe5+ {[%emt 0:01:01]} Kxe5 {[%emt 0:00:00]} 41. Kf2 {[%emt 0:30:30]} Kf4 {[%emt 0:31:30]} 42. Bb5 {[%emt 0:01:12]} g5 {[%emt 0:00:00]} 43. Bd7 {[%emt 0:00:34]} g4 {[%emt 0:00:00]} 44. hxg4 {[%emt 0:00:00]} fxg4 {[%emt 0:00:00]} 0-1

[Event "CRO Team Cup 2019"]
[Site "Losinj"]
[Date "2019.05.16"]
[Round "3.17"]
[White "Saric, Ante"]
[Black "Bosiocic, Marin"]
[Result "1/2-1/2"]
[WhiteElo "2534"]
[BlackElo "2618"]
[Annotator "TA"]
[PlyCount "22"]
[EventDate "2019.05.15"]
[EventType "team-tourn"]
[EventCountry "CRO"]
[SourceTitle "playchess.com"]
[Source "ChessBase"]
[SourceQuality "1"]

{[%evp 21,22,0,0]} 1. c4 c6 2. d4 d5 3. cxd5 cxd5 4. Nc3 $146 ({Predecessor:} 4. Nf3 Nc6 5. Nc3 {½-½ (11) Dreev,A (2670)-Mamedyarov,S (2817) St Petersburg 2018}) 4... Nf6 5. Nf3 Nc6 6. Bf4 Bf5 7. e3 e6 8. Bd3 Bxd3 9. Qxd3 Bd6 10. Bxd6 Qxd6 11. O-O O-O 1/2-1/2

[Event "CRO Team Cup 2019"]
[Site "Losinj"]
[Date "2019.05.16"]
[Round "3.18"]
[White "Tica, Sven"]
[Black "Plenca, Julijan"]
[Result "0-1"]
[WhiteElo "2417"]
[BlackElo "2411"]
[Annotator "RC"]
[PlyCount "74"]
[EventDate "2019.05.15"]
[EventType "team-tourn"]
[EventCountry "CRO"]
[SourceTitle "playchess.com"]
[Source "ChessBase"]
[SourceQuality "1"]
[TimeControl "40/5400+30:1800+30"]

1. Nf3 {[%emt 0:00:30]} f5 {[%emt 0:01:30]} 2. d4 {[%emt 0:00:30]} Nf6 {[%emt 0:00:30]} 3. g3 {[%emt 0:00:30]} g6 {[%emt 0:00:00]} 4. Bg2 {[%emt 0:00:00]} Bg7 {[%emt 0:00:00]} 5. O-O {[%emt 0:00:00]} O-O {[%emt 0:00:30]} 6. b3 {[%emt 0:00:30]} c6 {[%emt 0:08:30]} 7. c4 {[%emt 0:01:30]} Ne4 {[%emt 0:02:30]} 8. Bb2 {[%emt 0:01:30]} a5 {[%emt 0:00:30]} 9. Nc3 {[%emt 0:03:30]} d5 {[%emt 0:02:30]} 10. e3 {[%emt 0:09:30]} b6 {[%emt 0:04:30]} 11. Ne2 {[%emt 0:05:30]} a4 {[%emt 0:03:30]} 12. Qc1 {[%emt 0:04:30]} Na6 {[%emt 0:06:30]} 13. Nf4 {[%emt 0:02:30]} e6 {[%emt 0:12:30]} 14. Nd3 {[%emt 0:04:30]} Rf7 {[%emt 0:04:30]} 15. Nfe5 {[%emt 0:12:30]} Rc7 {[%emt 0:00:30]} 16. f3 {[%emt 0:00:00]} Nf6 {[%emt 0:00:30]} 17. Qd2 {[%emt 0:02:00]} c5 {[%emt 0:02:30]} 18. dxc5 {[%emt 0:02:30]} Nxc5 {[%emt 0:00:30]} 19. Nxc5 {[%emt 0:02:30]} bxc5 {[%emt 0:00:30]} 20. Rfd1 {[%emt 0:03:30]} Qe8 {[%emt 0:01:30]} 21. Qc2 {[%emt 0:02:30]} Bb7 {[%emt 0:02:30]} 22. Nd3 {[%emt 0:05:30]} dxc4 {[%emt 0:05:30]} 23. Qxc4 {[%emt 0:03:30]} g5 {[%emt 0:06:30]} 24. Be5 {[%emt 0:02:30]} Ba6 {[%emt 0:01:30]} 25. Qc1 {[%emt 0:02:30]} Rcc8 {[%emt 0:00:30]} 26. f4 {[%emt 0:05:30]} c4 {[%emt 0:02:30]} 27. bxc4 {[%emt 0:03:30]} Rxc4 {[%emt 0:01:30]} 28. Qb2 {[%emt 0:00:30]} a3 {[%emt 0:01:30]} 29. Qxa3 {[%emt 0:01:25]} Bf8 {[%emt 0:01:30]} 30. Qb3 {[%emt 0:03:09]} Ng4 {[%emt 0:03:30]} 31. Bxa8 {[%emt 0:08:55]} Qxa8 {[%emt 0:01:30]} 32. Qb6 {[%emt 0:00:45]} Bc8 {[%emt 0:00:30]} 33. Rac1 {[%emt 0:03:15]} Qf3 {[%emt 0:00:30]} 34. Rd2 {[%emt 0:03:53]} Rxc1+ {[%emt 0:02:30]} 35. Nxc1 {[%emt 0:00:30]} Nxe3 {[%emt 0:00:30]} 36. Qb5 {[%emt 0:00:30]} Bb7 {[%emt 0:00:30]} 37. Bd4 {[%emt 0:00:30]} Ng4 {[%emt 0:00:30]} 0-1

[Event "CRO Team Cup 2019"]
[Site "Losinj"]
[Date "2019.05.16"]
[Round "3.19"]
[White "Bobanac, Miro"]
[Black "Golubovic, Boris"]
[Result "0-1"]
[WhiteElo "2304"]
[BlackElo "2389"]
[Annotator "TA"]
[PlyCount "182"]
[EventDate "2019.05.15"]
[EventType "team-tourn"]
[EventCountry "CRO"]
[SourceTitle "playchess.com"]
[Source "ChessBase"]
[SourceQuality "1"]

{[%evp 15,208,-5,0,-21,-22,-21,-19,-19,-23,-20,-19,-20,-16,-36,-34,-46,-20,-28,-12,-22,-26,-97,-101,-107,-80,-89,-96,-101,0,-5,-10,-8,0,0,0,0,30,12,37,23,33,26,81,69,86,97,127,115,266,83,107,29,111,0,0,0,21,0,0,0,0,0,0,0,0,0,0,0,0,0,0,0,0,0,0,0,0,0,0,0,0,0,0,0,0,0,0,-9,-9,-9,-9,-9,-9,-9,-11,-28,-28,-63,-60,-100,-99,-99,-11,-27,-9,-14,-8,-8,-8,-94,-37,-138,-125,-331,-77,-79,-131,-306,-299,-345,-329,-670,-670,-645,-643,-825,-797,-931,-697,-4562,-1117,-1039,-905,-911,-911,-767,-757,-735,-663,-603,-603,-618,-603,-586,-368,-368,-368,-29970,-29971,-29970,-29970,-29996,-29963,-29965,-29956,-29965,-29967,-29977,-29979,-29978,-29972,-29969,-29970,-29976,-29978,-29984,-29974,-29979,-29972,-29972,-29973,-29973,-29970,-29966,-29958,-29955,-5126,-29980,-29980,-29982,-29983,-29985,-29986,-29989,-29988,-29988,-29987,-29987,-29984,-29984,-29983,-29990,-29991,-29996,-29997]} 1. Nf3 g6 2. c4 Bg7 3. Nc3 c5 4. e3 Nf6 5. b3 Nc6 6. Bb2 O-O 7. Be2 b6 8. O-O Bb7 9. Qc2 {A30: Symmetrical English: Double Fianchetto and Hedgehog} (9. Rc1 d5 10. Nxd5 Nxd5 11. Bxg7 Kxg7 12. cxd5 Qxd5 13. Qc2 Qd6 14. Qc3+ Qf6 15. a3 Rac8 16. b4 cxb4 17. axb4 Qxc3 18. dxc3 {1-0 (51) Goganov,A (2612)-Sokolov,A (2532) St Petersburg 2018}) 9... d5 10. Nxd5 Nxd5 11. Bxg7 {The position is equal.} Kxg7 12. cxd5 Qxd5 13. Rfd1 e5 $146 ({Predecessor:} 13... Rad8 14. Qb2+ Kg8 15. Bc4 Qd6 16. Rab1 e5 17. Ne1 Rfe8 18. Be2 Qe7 19. a3 {½-½ (19) Straka,J-Vrbata,Z (2360) Czechia 1998}) 14. Bc4 Qd6 15. Qb2 Rae8 16. a3 a5 17. Bb5 Re7 18. d4 (18. Be2 $11) 18... exd4 $17 19. exd4 Qf6 20. Bxc6 Bxc6 21. Ne5 {[#]} Bd7 ({Black should try} 21... Rfe8 $1 $17 {Threatening ...Bb7.} 22. f3 (22. Nxc6 $2 Re2 $19) 22... Bd7) 22. f4 $11 cxd4 23. Rxd4 Bc8 24. Rad1 h5 25. h3 Kg8 26. Qf2 Re6 27. b4 axb4 28. axb4 Qe7 (28... Rfe8 $11) 29. Qd2 $16 b5 30. Rd5 Rb6 31. Qd4 Rb7 $2 (31... Ra6 $16 {is a better defense.}) 32. Rd6 $2 (32. Nc6 $18 Qe6 33. Nd8) 32... Kh7 33. Nc6 (33. Rc1 $16) 33... Qh4 {[#]} (33... Qe2 $11 {keeps the balance.}) 34. Qf2 (34. Qe3 $1 $16) 34... Qxf2+ $11 35. Kxf2 Bf5 36. Ne5 Rc8 37. g4 hxg4 38. hxg4 Be6 39. g5 Ra7 40. Rd8 Rxd8 41. Rxd8 {[%mdl 4096] Endgame KRB-KRN} Ra4 42. Rd4 Kg7 43. Ke3 Bf5 44. Kd2 Ra2+ 45. Kd1 Rb2 46. Nc6 Be6 47. Rd2 Rb1+ 48. Ke2 Rc1 49. Ne5 Rb1 50. Rd4 f6 51. Nc6 fxg5 52. fxg5 Rg1 53. Rd6 Bc4+ 54. Ke3 Rxg5 55. Kd4 Rg1 56. Kc5 Re1 57. Nd4 Re5+ 58. Kb6 Kh6 (58... g5 $17 59. Nc6 Re8) 59. Nc6 Re8 60. Nd4 $1 Kh5 61. Rc6 $1 g5 62. Nf5 (62. Nxb5 $11 {remains equal.} Bxb5 63. Kxb5) 62... Rb8+ ({Better is} 62... Rf8 $17 63. Rc5 Kg6 64. Ne7+ Kh5) 63. Kc7 (63. Ka7 $1 $15 Rf8 64. Rc5) 63... Rf8 $17 64. Nd6 $2 (64. Rc5 $17) 64... Bf1 $2 (64... Rf4 $19 {is more deadly. White must now prevent ...g4.} 65. Rc5 Kh4 66. Nf5+ Kh5) 65. Rc5 Rf4 66. Nf5 $2 (66. Nxb5 $17 Rxb4 67. Nd6) 66... Bd3 $19 67. Ng7+ Kh4 {aiming for ...Rf7+.} 68. Ne6 $2 (68. Kb6) 68... Rf7+ 69. Kd6 g4 70. Rc8 g3 71. Rh8+ Bh7 72. Nf8 Rxf8 (72... g2 $142 73. Nxh7 Rg7 74. Nf6+ Kg5 75. Nh7+ Kf5 76. Rf8+ Kg6) 73. Rxf8 {KR-KB} g2 74. Rh8 Kg5 (74... g1=Q 75. Rxh7+ Kg3 76. Rg7+ Kf3 77. Rxg1 Ke4 78. Kc5 Ke5 79. Kxb5) 75. Rxh7 {KR-KPP} Kg6 76. Rb7 g1=Q {Threatens to win with ...Qd4+.} 77. Rxb5 {KQ-KR} Qd4+ 78. Kc6 Kf6 79. Rb6 Ke6 80. Kb5+ Kd5 81. Ka5 $2 (81. Rc6 $19) 81... Kc4 {[%cal Rd4a1]} 82. Rc6+ Kb3 83. b5 Qb4+ 84. Ka6 Qa4+ 85. Kb6 Kb4 86. Kb7 Kxb5 87. Re6 Qd4 88. Kc7 Qd5 89. Rd6 Qf7+ 90. Rd7 Qe6 91. Rd6 {[#]} Qe7+ {Played: Qe6-e5} 0-1

[Event "CRO Team Cup 2019"]
[Site "Losinj"]
[Date "2019.05.16"]
[Round "3.20"]
[White "Petrov, Jole"]
[Black "Cotic, Borna"]
[Result "1-0"]
[WhiteElo "2406"]
[BlackElo "2103"]
[Annotator "RC"]
[PlyCount "57"]
[EventDate "2019.05.15"]
[EventType "team-tourn"]
[EventCountry "CRO"]
[SourceTitle "playchess.com"]
[Source "ChessBase"]
[SourceQuality "1"]
[TimeControl "40/5400+30:1800+30"]

1. c4 {[%emt 0:02:30]} Nf6 {[%emt 0:00:30]} 2. Nc3 {[%emt 0:00:30]} e6 {[%emt 0:00:00]} 3. e4 {[%emt 0:00:30]} d5 {[%emt 0:01:00]} 4. exd5 {[%emt 0:04:30]} exd5 {[%emt 0:00:00]} 5. cxd5 {[%emt 0:00:30]} Nxd5 {[%emt 0:01:00]} 6. d4 {[%emt 0:00:30]} Be7 {[%emt 0:00:30]} 7. Nf3 {[%emt 0:00:00]} O-O {[%emt 0:00:30]} 8. Bd3 {[%emt 0:00:00]} Bg4 {[%emt 0:07:30]} 9. h3 {[%emt 0:06:30]} Nxc3 {[%emt 0:04:30]} 10. bxc3 {[%emt 0:00:30]} Bh5 {[%emt 0:01:30]} 11. Qc2 {[%emt 0:04:30]} Bg6 {[%emt 0:02:30]} 12. Bxg6 {[%emt 0:01:30]} hxg6 {[%emt 0:00:30]} 13. O-O {[%emt 0:00:00]} c5 {[%emt 0:03:30]} 14. Rb1 {[%emt 0:11:00]} Qc7 {[%emt 0:08:30]} 15. Qe4 {[%emt 0:03:30]} Nc6 {[%emt 0:13:30]} 16. Bf4 {[%emt 0:01:30]} Qd7 {[%emt 0:02:30]} 17. Ne5 {[%emt 0:12:30]} Nxe5 {[%emt 0:12:30]} 18. Rxb7 {[%emt 0:01:30]} Qc6 {[%emt 0:00:30]} 19. Qxc6 {[%emt 0:00:30]} Nxc6 {[%emt 0:00:30]} 20. d5 {[%emt 0:00:30]} Bf6 {[%emt 0:13:30]} 21. dxc6 {[%emt 0:00:00]} Bxc3 {[%emt 0:05:33]} 22. Rfb1 {[%emt 0:08:00]} g5 {[%emt 0:01:45]} 23. Bd6 {[%emt 0:00:30]} Rfc8 {[%emt 0:00:06]} 24. c7 {[%emt 0:00:30]} Ba5 {[%emt 0:01:31]} 25. a4 {[%emt 0:01:30]} Bb4 {[%emt 0:02:17]} 26. Rb8 {[%emt 0:00:00]} f6 {[%emt 0:00:24]} 27. Rxa8 {[%emt 0:00:00]} Rxa8 {[%emt 0:00:03]} 28. Bxc5 {[%emt 0:00:00]} a5 {[%emt 0:00:27]} 29. Bxb4 {[%emt 0:00:00]} 1-0